000 00926nam0a22002531 4500
001 rc\3032034
005 20250806201650.0
035 _a(NLR Aleph) 007172924
090 _a13453
_c13453
100 _a20111002d1941 u y0rusy50 ca
101 0 _arus
102 _aRU
105 _ay z |||||
200 1 _aСамое важное, самое главное
_eКоллектив Моск. инструментал. завода в борьбе за высокую производительность труда
_e[Сб. статей]
210 _aМосква
_cПрофиздат
_d1941
215 _a56 с.
_d17 см
712 0 2 _aМосковский инструментальный завод
_4570
801 0 _aRU
_bNLR
_gpsbo
801 1 _aRU
_bELAR
_2rusmarc
852 _aNLR
_bЭ
_j40 Г-2/2
942 _cBOOK
945 _aРоссийская национальная библиотека
980 _aNB
980 _aBV